| 000 | 00576cam a22001817a 4500 | ||
|---|---|---|---|
| 008 | 180718b2017 xxu||||| |||| 00| 0 eng d | ||
| 020 | _a9789351282662 | ||
| 082 | _aA99 Am16/7 | ||
| 100 | _aAmbedkar, B.R. | ||
| 245 |
_aHistory of Indian currency and banking _cby B.R. Ambedkar |
||
| 260 |
_aDelhi _bKalpaz _c2017 |
||
| 300 | _a285p. | ||
| 440 | _aTreasure of Ambedkar series 07 | ||
| 650 | _aCaste -- India | ||
| 650 | _aIndia -- Social conditions | ||
| 650 | _aDalits -- India | ||
| 650 | _aAmbedkar, B. R. -- (Bhimrao Ramji), -- 1891-1956 -- Political and social views | ||
| 999 |
_c445463 _d445463 |
||